000 00340nam a2200133Ia 4500
008 230917s9999||||xx |||||||||||||| ||und||
040 _e158293
_aMAIN
041 _aEnglish
082 _a519.2 D159E
100 _aDalip Singh
245 0 _aEntropy: Generalizations and their applications to coding theorem
300 _a64 p.
942 _cTH
999 _c50934
_d50934